Global resource availability and utilization of rubberwood (Record no. 48171)

MARC details
000 -LEADER
fixed length control field 01474nam a2200145Ia 4500
100 ## - MAIN ENTRY--AUTHOR NAME
Personal name Albaladejo J L
245 #0 - TITLE STATEMENT
Title Global resource availability and utilization of rubberwood
260 ## - PUBLICATION, DISTRIBUTION, ETC. (IMPRINT)
Name of publisher In: Proceedings of the Global Forum on Investment Opportunities in the Indian Rubberwood Industry, 19-21 March 1996, Cochin, India, 1996, pp. 1-17.
Year of publication 1996
520 ## - SUMMARY, ETC.
Summary, etc This paper is based on a study of the world supply potential of rubberwood for which data were collected from 15 countries through field visits. The objective of the study was to cross verify the data obtained from various sources and to design an appropriate methodology for the preparation of wood production estimates. The world's rubber plantation area is estimated at 9 million ha., of which more than 90 percent is located in Asia. An important aspect having bearing on the future supply of both natural rubber and rubberwood is that while African and Latin American countries aim at the expansion of plantation area and production, countries like Malaysia and Sri Lanka show a decreasing treand in growing rubber since the 1970s. Other factors that constrain the future supply potential are the predominance of smallholders, poor infrastructure facilities and inaccessible locations of plantations, insufficient replanting programmes, etc.
650 ## - SUBJECT ADDED ENTRY--TOPICAL TERM
Topical Term Rubberwood industry
650 ## - SUBJECT ADDED ENTRY--TOPICAL TERM
Topical Term Rubberwood prices
650 ## - SUBJECT ADDED ENTRY--TOPICAL TERM
Topical Term Rubberwood production
942 ## - ADDED ENTRY ELEMENTS (KOHA)
Koha item type Bibliography RLWO
Holdings
Withdrawn status Lost status Damaged status Not for loan Home library Current library Date acquired Koha item type
      Bibliography RRII Library RRII Library 31/12/2021 Bibliography RLWO